[Event "12th Delhi International Grandmasters Chess Tourna"]
[Site "Ludlow Castle,New Delhi (INDIA)"]
[Date "2014.01.16"]
[Round "10"]
[Board "3"]
[White "Pantsulaia, Levan"]
[Black "Narayanan, Srinath"]
[Result "1-0"]
[WhiteElo "2614"]
[BlackElo "2414"]
[PlyCount "144"]
[EventDate "2014.01.09"]
[EventRounds "10"]
[EventCountry "IND"]

1. Nf3 c5 2. c4 Nc6 3. Nc3 e5 4. d3 g6 5. a3 a5 6. g3 Bg7 7. Bg2 Nge7 8. Nd2 d6
9. Nf1 O-O 10. Ne3 Rb8 11. Rb1 Nd4 12. b4 axb4 13. axb4 cxb4 14. Rxb4 b5 15.
cxb5 Qa5 16. Qa4 Qxa4 17. Rxa4 Nxb5 18. Nxb5 Rxb5 19. Ba3 Nf5 20. Nxf5 Bxf5 21.
Bxd6 Rd8 22. Be7 Re8 23. Bb4 e4 24. dxe4 Be6 25. O-O Bb3 26. Ra7 Rxb4 27. Rb1
Reb8 28. Bf3 Bf6 29. Rc1 Be6 30. Kg2 Rb1 31. Rxb1 Rxb1 32. h4 h5 33. Ra5 Rb2
34. Rc5 Bd4 35. Ra5 Kg7 36. Ra4 Bb6 37. Ra8 Bc5 38. Ra5 Rc2 39. Rb5 Kf6 40. Rb7
Bd4 41. Rb4 Ke5 42. Rb5+ Kf6 43. Rb4 Be5 44. Rb6 Bc7 45. Ra6 Ke5 46. Ra7 Rc5
47. Rb7 Bd6 48. Ra7 Rc7 49. Ra5+ Bc5 50. Rb5 Bc8 51. Ra5 Bb7 52. Ra4 Rc6 53.
Ra5 Rc8 54. Ra4 Ra8 55. Rc4 Bd6 56. g4 hxg4 57. Bxg4 Rh8 58. f3 Rxh4 59. Kg3
Rxg4+ 60. Kxg4 Ba6 61. f4+ Ke6 62. Rc2 f5+ 63. Kg5 Bb5 64. e5 Be7+ 65. Kxg6
Be8+ 66. Kg7 Ba4 67. Rb2 Kd5 68. Kf7 Bc5 69. e6 Ke4 70. Rb8 Bd1 71. Rc8 Ba3 72.
Rc4+ Kd5 1-0

[Event "12th Delhi International Grandmasters Chess Tourna"]
[Site "Ludlow Castle,New Delhi (INDIA)"]
[Date "2014.01.16"]
[Round "10"]
[Board "4"]
[White "Evdokimov, Alexander A."]
[Black "Deepan, Chakkravarthy J."]
[Result "0-1"]
[WhiteElo "2558"]
[BlackElo "2475"]
[PlyCount "153"]
[EventDate "2014.01.09"]
[EventRounds "10"]
[EventCountry "IND"]

1. Nf3 d5 2. c4 e6 3. g3 Nf6 4. d4 Be7 5. Bg2 O-O 6. O-O dxc4 7. Qc2 a6 8. a4
Bd7 9. Rd1 Bc6 10. Nc3 Bxf3 11. Bxf3 Nc6 12. Bxc6 bxc6 13. Bg5 Rb8 14. Rac1 a5
15. Bxf6 Bxf6 16. Ne4 Rb4 17. e3 Qd5 18. Nc5 Rfb8 19. Na6 Rxb2 20. Nxb8 Rxc2
21. Rxc2 c5 22. Rb1 cxd4 23. Nc6 h5 24. Nxd4 h4 25. gxh4 Bxd4 26. exd4 Qxd4 27.
Rbc1 Qg4+ 28. Kf1 Qxh4 29. Kg1 Qg4+ 30. Kf1 c3 31. Rxc3 Qxa4 32. Rxc7 g6 33.
Rb1 Qf4 34. Rbb7 a4 35. Ra7 Kg7 36. Rc5 Qxh2 37. Rxa4 Qh1+ 38. Ke2 Qb1 39. Ra7
Qe4+ 40. Kf1 Qf3 41. Raa5 Qd1+ 42. Kg2 Qg4+ 43. Kf1 Qd1+ 44. Kg2 f5 45. Re5 Kf6
46. Re3 f4 47. Re4 Qg4+ 48. Kf1 Qh3+ 49. Ke2 g5 50. Rae5 Qb3 51. Kf1 Qh3+ 52.
Ke2 Qb3 53. Kf1 g4 54. Kg1 Qb1+ 55. Kg2 Qa2 56. Rh5 Qa8 57. Rhe5 Qc6 58. f3 g3
59. Kh3 Qc8 60. Kg2 Qh8 61. Rxe6+ Kf5 62. Rxf4+ Kxf4 63. Re4+ Kf5 64. Kxg3 Qh1
65. Kf2 Qd1 66. Kg2 Qc1 67. Kf2 Qh1 68. Rg4 Qh2+ 69. Kf1 Qd2 70. Re4 Kf6 71.
Kg1 Kg6 72. Rg4+ Kh5 73. Re4 Kg5 74. Rg4+ Kf6 75. Re4 Kf5 76. Kf1 Qd6 77. Kg2
0-1

[Event "12th Delhi International Grandmasters Chess Tourna"]
[Site "Ludlow Castle,New Delhi (INDIA)"]
[Date "2014.01.16"]
[Round "10"]
[Board "5"]
[White "Ankit, R. Rajpara"]
[Black "Lalith, Babu M.R."]
[Result "0-1"]
[WhiteElo "2443"]
[BlackElo "2579"]
[PlyCount "124"]
[EventDate "2014.01.09"]
[EventRounds "10"]
[EventCountry "IND"]

1. e4 c6 2. d4 d5 3. Nc3 dxe4 4. Nxe4 Bf5 5. Ng3 Bg6 6. h4 h6 7. Nf3 Nd7 8. h5
Bh7 9. Bd3 Bxd3 10. Qxd3 e6 11. Bd2 Ngf6 12. O-O-O Be7 13. Kb1 Rc8 14. Ne4 c5
15. dxc5 Nxc5 16. Nxf6+ Bxf6 17. Qb5+ Qd7 18. Qxd7+ Nxd7 19. Be3 Nc5 20. Rd2
O-O 21. Rhd1 b5 22. Nd4 a6 23. Nb3 Ne4 24. Rd7 Rc4 25. g4 Bg5 26. f4 Nf6 27.
fxg5 Nxd7 28. Rxd7 Re4 29. Bd2 hxg5 30. Rd4 Re2 31. Bxg5 e5 32. Rd1 Rg2 33. h6
Rxg4 34. hxg7 Kxg7 35. Bd2 e4 36. Kc1 f5 37. Nd4 Rf6 38. Rf1 Kg6 39. Ne2 Rd6
40. Be3 Kf6 41. Bd4+ Rxd4 42. Nxd4 f4 43. Ne2 Ke5 44. Kd2 f3 45. Rf2 fxe2 46.
Kxe2 Rg1 47. Rh2 Rb1 48. Ke3 Rxb2 49. Rh5+ Kd6 50. Rh6+ Kd5 51. Rxa6 Rxc2 52.
Ra5 Rc3+ 53. Kd2 Kc4 54. Ra8 Rd3+ 55. Ke2 Rh3 56. a3 Rb3 57. Ra7 Kc3 58. Ke3
Kb2+ 59. Kxe4 Rxa3 60. Rb7 Ra4+ 61. Kd3 b4 62. Rh7 b3 0-1

[Event "12th Delhi International Grandmasters Chess Tourna"]
[Site "Ludlow Castle,New Delhi (INDIA)"]
[Date "2014.01.16"]
[Round "10"]
[Board "8"]
[White "Sengupta, Deep"]
[Black "Padmini, Rout"]
[Result "1-0"]
[WhiteElo "2538"]
[BlackElo "2327"]
[PlyCount "99"]
[EventDate "2014.01.09"]
[EventRounds "10"]
[EventCountry "IND"]

1. e4 c5 2. Nf3 Nc6 3. Nc3 Nf6 4. Bb5 e5 5. O-O d6 6. Re1 g6 7. Nd5 Bg7 8. d3
h6 9. c3 O-O 10. Nxf6+ Qxf6 11. h3 Be6 12. Be3 Ne7 13. d4 cxd4 14. cxd4 g5 15.
d5 Bc8 16. Nh2 Ng6 17. Nf1 Nf4 18. Ng3 Qg6 19. Rc1 a6 20. Rxc8 Rfxc8 21. Bd7
Rc7 22. Bf5 Qf6 23. Bb6 Rc5 24. a4 Bf8 25. Qb3 Rb8 26. Bg4 Rbc8 27. Bxc8 Rxc8
28. Nf5 Ng6 29. Ba5 Rc5 30. Bd2 Rc7 31. Qb6 Rd7 32. Rc1 Ne7 33. Ng3 Qg6 34. Rc7
Rxc7 35. Qxc7 f5 36. exf5 Nxf5 37. Nxf5 Qxf5 38. Qxb7 Qc2 39. Qb4 Qd3 40. Qa5
e4 41. Kh2 Bg7 42. Bc3 Bf8 43. Qd8 Qxd5 44. Qf6 Qb7 45. Qg6+ Bg7 46. b4 d5 47.
Qxg7+ Qxg7 48. Bxg7 Kxg7 49. b5 d4 50. Kg1 1-0

[Event "12th Delhi International Grandmasters Chess Tourna"]
[Site "Ludlow Castle,New Delhi (INDIA)"]
[Date "2014.01.16"]
[Round "10"]
[Board "9"]
[White "Visakh, Nr"]
[Black "Karthikeyan, Murali"]
[Result "0-1"]
[WhiteElo "2330"]
[BlackElo "2472"]
[PlyCount "72"]
[EventDate "2014.01.09"]
[EventRounds "10"]
[EventCountry "IND"]

1. d4 d5 2. c4 e6 3. Nc3 Be7 4. Nf3 Nf6 5. Bg5 Nbd7 6. e3 O-O 7. Qc2 c5 8. cxd5
Nxd5 9. Bxe7 Qxe7 10. Nxd5 exd5 11. dxc5 Nxc5 12. Be2 Bg4 13. O-O Rac8 14. Rac1
Qf6 15. Qd2 h6 16. h3 Bxf3 17. Bxf3 Rfd8 18. Rfd1 Ne4 19. Qb4 Rxc1 20. Rxc1 Ng5
21. Bg4 d4 22. exd4 h5 23. h4 hxg4 24. hxg5 Qxg5 25. Qc5 Qd2 26. Qc3 Rxd4 27.
a3 Kh7 28. Qxd2 Rxd2 29. b4 Rd7 30. Rc4 f5 31. g3 Kg6 32. Kg2 Kf6 33. a4 a6 34.
Rf4 b5 35. axb5 axb5 36. f3 g5 0-1

[Event "12th Delhi International Grandmasters Chess Tourna"]
[Site "Ludlow Castle,New Delhi (INDIA)"]
[Date "2014.01.16"]
[Round "10"]
[Board "11"]
[White "Kravtsiv, Martyn"]
[Black "Vorontsov, Pavlo"]
[Result "1-0"]
[WhiteElo "2628"]
[BlackElo "2380"]
[PlyCount "83"]
[EventDate "2014.01.09"]
[EventRounds "10"]
[EventCountry "IND"]

1. e4 d5 2. exd5 Qxd5 3. Nc3 Qd6 4. d4 Nf6 5. Nf3 g6 6. Bc4 Bg7 7. O-O O-O 8.
h3 a6 9. a4 c5 10. b3 cxd4 11. Ba3 Qc7 12. Qxd4 Nc6 13. Qe3 Bf5 14. Rac1 Na5
15. Be2 Rac8 16. Bb4 Nc6 17. Bc5 Ne5 18. Bd4 Nfg4 19. hxg4 Nxg4 20. Nd5 Nxe3
21. Nxc7 Bxd4 22. Nxd4 Nxf1 23. Nd5 Nd2 24. Nxe7+ Kg7 25. Nxc8 Rxc8 26. f3 Nxb3
27. Nxb3 Rxc2 28. Bd1 Rb2 29. Nd4 Bd3 30. Bb3 f5 31. Rc3 Bb1 32. Rc7+ Kf6 33.
Rxb7 Ke5 34. Rb4 Kd6 35. a5 Kc5 36. Rc4+ Kd5 37. Ra4+ Kc5 38. Bg8 Bd3 39. Ne6+
Kb5 40. Rd4 Bb1 41. Rd5+ Kc4 42. Rd6 1-0

[Event "12th Delhi International Grandmasters Chess Tourna"]
[Site "Ludlow Castle,New Delhi (INDIA)"]
[Date "2014.01.16"]
[Round "10"]
[Board "13"]
[White "Ziatdinov, Raset"]
[Black "Sanikidze, Tornike"]
[Result "0-1"]
[WhiteElo "2354"]
[BlackElo "2541"]
[PlyCount "63"]
[EventDate "2014.01.09"]
[EventRounds "10"]
[EventCountry "IND"]

1. e4 d6 2. d4 g6 3. Nf3 Bg7 4. Be2 c6 5. O-O Nd7 6. Nc3 b5 7. Qd3 a6 8. a4 Bb7
9. axb5 cxb5 10. Bg5 Rc8 11. Nd2 Ngf6 12. Bf3 Qc7 13. Rfc1 O-O 14. Nb3 e5 15.
d5 Nb6 16. Na5 Ba8 17. Nd1 Nfd7 18. b4 f5 19. Nc6 Bxc6 20. dxc6 Nb8 21. Ne3 h6
22. Nd5 Nxd5 23. Qxd5+ Kh8 24. Bd2 Nxc6 25. Rxa6 Nd4 26. Rxd6 Rfd8 27. Rxd8+
Rxd8 28. Qc5 Nxf3+ 29. gxf3 Qxc5 30. bxc5 Rxd2 31. c4 b4 32. Ra1 0-1

[Event "12th Delhi International Grandmasters Ch"]
[Site "Ludlow Castle,New Delhi (INDIA"]
[Date "2014.01.16"]
[Round "10.14"]
[White "Karthikeyan, P."]
[Black "Venkatesh, M.R."]
[Result "1/2-1/2"]
[WhiteElo "2342"]
[BlackElo "2524"]
[PlyCount "61"]
[EventDate "2014.01.09"]
[EventRounds "10"]
[EventCountry "IND"]

1. d4 Nf6 2. c4 e6 3. Nc3 Bb4 4. Qc2 O-O 5. e4 d5 6. e5 Ne4 7. Bd3 c5 8. Nf3
cxd4 9. Nxd4 Nd7 10. Bf4 Ndc5 11. O-O Bxc3 12. bxc3 Bd7 13. Be2 Na4 14. cxd5
exd5 15. c4 Rc8 16. Qb3 dxc4 17. Bxc4 Nb6 18. Rac1 Ba4 19. Qe3 Rxc4 20. Rxc4
Nd2 21. Qxd2 Nxc4 22. Qc3 Qd5 23. Nf5 Qe4 24. Ne7+ Kh8 25. Qb4 Rd8 26. Bg5 Rd1
27. Rxd1 Bxd1 28. Nf5 Nd6 29. Qd2 Qxf5 30. exd6 Ba4 31. h3 1/2-1/2

[Event "12th Delhi International Grandmasters Ch"]
[Site "Ludlow Castle,New Delhi (INDIA"]
[Date "2014.01.16"]
[Round "10.15"]
[White "Dzhumaev, Marat"]
[Black "Nitin, S."]
[Result "1-0"]
[WhiteElo "2521"]
[BlackElo "2331"]
[PlyCount "81"]
[EventDate "2014.01.09"]
[EventRounds "10"]
[EventCountry "IND"]

1. e4 c5 2. Nf3 e6 3. Nc3 d6 4. d4 cxd4 5. Nxd4 a6 6. Be2 Nf6 7. f4 Be7 8. O-O
O-O 9. a4 Nc6 10. Be3 Bd7 11. Nb3 Na5 12. e5 Ne8 13. Nxa5 Qxa5 14. Ne4 Qc7 15.
a5 Bc6 16. Bb6 Qb8 17. Qd4 dxe5 18. fxe5 f6 19. exf6 Bxf6 20. Nxf6+ Nxf6 21.
Rae1 Bd5 22. Bd3 Qe8 23. Qh4 Qh5 24. Qg3 Rac8 25. Re5 Qf7 26. Bd4 Bc4 27. Bxh7+
Kxh7 28. Rxf6 gxf6 29. Qh4+ Kg8 30. Rg5+ Qg7 31. Rxg7+ Kxg7 32. Qg5+ Kf7 33.
Qxf6+ Ke8 34. Qg6+ Kd7 35. h3 Bd5 36. b3 Rg8 37. Qh7+ Kd6 38. g4 e5 39. Bb2
Rce8 40. c4 Be6 41. Qxb7 1-0